[Event "Philadelphia int op 9th"]
[Site "Philadelphia"]
[Date "2012.07.02"]
[Round "7"]
[White "Perez, Robert M"]
[Black "Kelley, Dereque D"]
[Result "1-0"]
[WhiteElo "2314"]
[BlackElo "2242"]
[PlyCount "41"]
[EventDate "2012.06.29"]
[EventType "swiss"]
[EventRounds "9"]
[EventCountry "USA"]
[SourceTitle "CBM 149 Extra"]
[Source "ChessBase"]
[SourceDate "2012.08.24"]
[SourceVersion "1"]
[SourceVersionDate "2012.08.24"]
[SourceQuality "1"]

1. Nf3 d5 2. d4 Nf6 3. c4 e6 4. g3 Be7 5. Bg2 0-0 6. 0-0 dxc4 7. Ne5 Nc6 8. Bxc6 bxc6 9. Nxc6 Qd6 10. Nxe7+ Qxe7 11. Qa4 c5 12. Qa3 Bb7 13. Bg5 Qd7 14. Bxf6 Qc6 15. d5 Qxd5 16. e4 Qxe4 17. f3 Qe2 18. Bg5 f6 19. Nc3 Qe5 20. Bf4 Qd4+ 21. Kg2 1-0

[Event "Philadelphia int op 9th"]
[Site "Philadelphia"]
[Date "2012.07.01"]
[Round "5"]
[White "Karavade, Eesha"]
[Black "Kelley, Dereque D"]
[Result "1-0"]
[WhiteElo "2353"]
[BlackElo "2242"]
[PlyCount "32"]
[EventDate "2012.06.29"]
[EventType "swiss"]
[EventRounds "9"]
[EventCountry "USA"]
[SourceTitle "CBM 149 Extra"]
[Source "ChessBase"]
[SourceDate "2012.08.24"]
[SourceVersion "1"]
[SourceVersionDate "2012.08.24"]
[SourceQuality "1"]

1. Nf3 d5 2. c4 e6 3. g3 Nf6 4. Bg2 dxc4 5. Qa4+ Nbd7 6. Qxc4 a6 7. Qc2 c5 8. 0-0 Bd6 9. Nc3 0-0 10. d4 e5 11. dxe5 Nxe5 12. Rd1 Nxf3+ 13. Bxf3 Qc7 14. Bg5 Be6 15. Bxf6 gxf6 16. Be4 h6 1-0

[Event "Philadelphia int op 9th"]
[Site "Philadelphia"]
[Date "2012.06.30"]
[Round "4"]
[White "Kelley, Dereque D"]
[Black "Nieto, Manuel Valerio Wald"]
[Result "1-0"]
[WhiteElo "2242"]
[BlackElo "1965"]
[PlyCount "103"]
[EventDate "2012.06.29"]
[EventType "swiss"]
[EventRounds "9"]
[EventCountry "USA"]
[SourceTitle "CBM 149 Extra"]
[Source "ChessBase"]
[SourceDate "2012.08.24"]
[SourceVersion "1"]
[SourceVersionDate "2012.08.24"]
[SourceQuality "1"]

1. d4 Nf6 2. c4 e6 3. Nf3 Bb4+ 4. Bd2 Qe7 5. g3 0-0 6. Bg2 d5 7. 0-0 Nbd7 8. Qc2 c6 9. Bxb4 Qxb4 10. Nbd2 Qd6 11. Rad1 h6 12. Rfe1 b5 13. c5 Qc7 14. e4 b4 15. e5 Nh7 16. Nh4 g5 17. Nhf3 a5 18. h4 g4 19. Nh2 h5 20. f3 f5 21. exf6 Ndxf6 22. f4 Kg7 23. Re5 Qf7 24. Rde1 Ra7 25. Bf1 Re8 26. Bd3 Nf8 27. Qd1 Ba6 28. Bb1 Rae7 29. Qa4 Bb5 30. Qxa5 Rb7 31. Qxb4 Bd3 32. Qc3 Bxb1 33. Rxb1 N8d7 34. Re2 Ra8 35. a3 Ne8 36. Rbe1 Nc7 37. Qc2 Rab8 38. b4 Qf6 39. Nb3 Ra8 40. f5 Nf8 41. Rf2 exf5 42. Rxf5 Qh6 43. Re7+ Kh8 44. Rff7 Re8 45. Rxe8 Nxe8 46. Rxb7 Qe3+ 47. Qf2 Qh6 48. Rb8 Nf6 49. Qf4 Qg7 50. Qd6 N6d7 51. Rxf8+ Nxf8 52. Qe5 1-0

[Event "USA tt"]
[Site "ICC INT"]
[Date "2011.10.03"]
[Round "6"]
[White "Herman, Matthew J"]
[Black "Kelley, Dereque D"]
[Result "1-0"]
[WhiteElo "2414"]
[BlackElo "2231"]
[PlyCount "57"]
[EventDate "2011.08.29"]
[EventType "team-tourn"]
[EventRounds "10"]
[EventCountry "USA"]
[SourceTitle "CBM 144 Extra"]
[Source "ChessBase"]
[SourceDate "2011.10.28"]
[SourceVersion "1"]
[SourceVersionDate "2011.10.28"]
[SourceQuality "1"]
[WhiteTeam "New York Knights"]
[BlackTeam "Seattle"]
[WhiteTeamCountry "USA"]
[BlackTeamCountry "USA"]

1. e4 e5 2. Nf3 Nc6 3. Bc4 Nf6 4. d3 Be7 5. 0-0 0-0 6. Re1 d6 7. c3 Na5 8. Bb5 a6 9. Ba4 b5 10. Bc2 c5 11. Nbd2 Nc6 12. Nf1 Re8 13. h3 h6 14. N3h2 d5 15. Qf3 d4 16. Ng3 Bf8 17. Nf5 Kh7 18. Ng4 Nxg4 19. hxg4 g6 20. g5 gxf5 21. exf5 hxg5 22. Qh5+ Kg8 23. Bxg5 Be7 24. Bh6 Qd6 25. Bb3 Qf6 26. g4 Na5 27. Bd5 Bb7 28. g5 Qxf5 29. Rxe5 1-0

[Event "USA tt"]
[Site "ICC INT"]
[Date "2011.09.19"]
[Round "4"]
[White "Labedz, Patrycja"]
[Black "Kelley, Dereque D"]
[Result "0-1"]
[WhiteElo "2091"]
[BlackElo "2231"]
[PlyCount "114"]
[EventDate "2011.08.29"]
[EventType "team-tourn"]
[EventRounds "10"]
[EventCountry "USA"]
[SourceTitle "CBM 144 Extra"]
[Source "ChessBase"]
[SourceDate "2011.10.28"]
[SourceVersion "1"]
[SourceVersionDate "2011.10.28"]
[SourceQuality "1"]
[WhiteTeam "Dallas Destiny"]
[BlackTeam "Seattle"]
[WhiteTeamCountry "USA"]
[BlackTeamCountry "USA"]

1. d4 Nf6 2. Nf3 d5 3. g3 c6 4. Bg2 Bg4 5. 0-0 Nbd7 6. c4 e6 7. Nc3 Bd6 8. h3 Bh5 9. Nd2 0-0 10. g4 Bg6 11. f4 h6 12. f5 exf5 13. gxf5 Bh5 14. cxd5 cxd5 15. Nxd5 Nxd5 16. Bxd5 Qg5+ 17. Bg2 Qe3+ 18. Rf2 Bg3 19. Ne4 Bxf2+ 20. Nxf2 Qxe2 21. Qxe2 Bxe2 22. Bxb7 Rab8 23. Bc6 Bb5 24. Bf3 Rfc8 25. Bd2 Bc6 26. d5 Ne5 27. Be4 Bxd5 28. Bxd5 Rd8 29. Bxf7+ Kxf7 30. Bc3 Nd3 31. Nxd3 Rxd3 32. Kg2 Re8 33. Rg1 Re2+ 34. Kf1 Rd1+ 35. Kxe2 Rxg1 36. Bd4 Rg2+ 37. Kf3 Rd2 38. Bc3 Rd3+ 39. Kg4 a6 40. h4 Rd1 41. a3 Rg1+ 42. Kh5 Rg3 43. Bd4 a5 44. Bc3 a4 45. Bd4 Rd3 46. Bc3 Re3 47. Kg4 Re4+ 48. Kg3 h5 49. Bd2 Rg4+ 50. Kh3 Kf6 51. Bc3+ Kxf5 52. Bd2 Ke4 53. Bc3 g6 54. Bf6 Rf4 55. Bg7 Rf3+ 56. Kg2 Kf4 57. Bc3 Kg4 0-1

[Event "Los Angeles Metropolitan op 1st"]
[Site "Los Angeles"]
[Date "2011.08.21"]
[Round "9"]
[White "Amanov, Zhanibek"]
[Black "Kelley, Dereque D"]
[Result "1-0"]
[WhiteElo "2382"]
[BlackElo "2203"]
[PlyCount "75"]
[EventDate "2011.08.17"]
[EventType "swiss"]
[EventRounds "9"]
[EventCountry "USA"]
[SourceTitle "CBM 144 Extra"]
[Source "ChessBase"]
[SourceDate "2011.10.28"]
[SourceVersion "1"]
[SourceVersionDate "2011.10.28"]
[SourceQuality "1"]

1. c4 e5 2. g3 Nf6 3. Bg2 d5 4. cxd5 Nxd5 5. Nc3 Nb6 6. Nf3 Nc6 7. 0-0 Be7 8. d3 0-0 9. a3 Be6 10. b4 Nd4 11. Bb2 Bb3 12. Qc1 Bd5 13. Nxd4 Bxg2 14. Ne6 Qd6 15. Nxc7 Rac8 16. Kxg2 Rxc7 17. Qe1 Rfc8 18. Kg1 Qe6 19. Rb1 Qb3 20. Ne4 Rc2 21. Bxe5 Qxa3 22. Ra1 Qxb4 23. Rxa7 Nd5 24. Qxb4 Bxb4 25. e3 f6 26. Bd4 R8c7 27. g4 Be7 28. Rb1 Nb4 29. Rb3 Rc1+ 30. Kg2 Rd1 31. Bb6 Rd7 32. d4 Nc6 33. Ra8+ Kf7 34. Bc5 h5 35. h3 hxg4 36. hxg4 Rc1 37. Bxe7 Rxe7 38. Nd6+ 1-0

[Event "Los Angeles Metropolitan op 1st"]
[Site "Los Angeles"]
[Date "2011.08.20"]
[Round "7"]
[White "Sevillano, Enrico"]
[Black "Kelley, Dereque D"]
[Result "1/2-1/2"]
[WhiteElo "2492"]
[BlackElo "2203"]
[PlyCount "135"]
[EventDate "2011.08.17"]
[EventType "swiss"]
[EventRounds "9"]
[EventCountry "USA"]
[SourceTitle "CBM 144 Extra"]
[Source "ChessBase"]
[SourceDate "2011.10.28"]
[SourceVersion "1"]
[SourceVersionDate "2011.10.28"]
[SourceQuality "1"]

1. e4 e5 2. Nf3 Nc6 3. d4 exd4 4. Nxd4 Bc5 5. Be3 Qf6 6. c3 Nge7 7. Bc4 Ne5 8. Be2 Qg6 9. 0-0 d6 10. Kh1 Qxe4 11. Nd2 Qg6 12. Bh5 Qd3 13. Be2 Qg6 14. Nb5 0-0 15. Nxc7 Rb8 16. Nc4 Nxc4 17. Bxc4 Bxe3 18. fxe3 Bf5 19. Nd5 Nxd5 20. Bxd5 Be4 21. Bxe4 Qxe4 22. Qxd6 Qxe3 23. Rae1 Qh6 24. Qxh6 gxh6 25. Re7 Kg7 26. h3 a6 27. Re4 f6 28. Rf3 Rbe8 29. Rg3+ Kh8 30. Rxe8 Rxe8 31. Rd3 Re7 32. Rd6 Kg7 33. Kh2 Kg6 34. Kg3 h5 35. Rb6 Kg5 36. h4+ Kf5 37. c4 Rd7 38. c5 Ke5 39. c6 bxc6 40. Rxc6 Rd3+ 41. Kh2 Rd2 42. Rxa6 Rxb2 43. Ra7 h6 44. a4 f5 45. Kg1 Rb1+ 46. Kh2 Rb4 47. Ra5+ Kf6 48. Ra6+ Kg7 49. Kg3 Rg4+ 50. Kh3 Rb4 51. a5 Ra4 52. Ra8 Kh7 53. a6 Kg7 54. a7 Ra3+ 55. Kh2 Ra4 56. Kg3 Ra3+ 57. Kf4 Ra5 58. Ke3 Ra3+ 59. Kf4 Ra5 60. g3 Kh7 61. Ke3 Kg7 62. Kd4 Ra1 63. Ke5 Ra5+ 64. Ke6 Ra6+ 65. Kxf5 Ra5+ 66. Ke6 Ra6+ 67. Kd5 Ra1 68. Ke5 1/2-1/2